| 000 | 00575nam a22001817a 4500 | ||
|---|---|---|---|
| 005 | 20240130110125.0 | ||
| 008 | 240130b |||||||| |||| 00| 0 eng d | ||
| 020 | _a9781485136361 | ||
| 041 | _aEnglish | ||
| 082 | _a346.7 GOR | ||
| 100 |
_aGoredema, C _lEnglish |
||
| 245 |
_aUnderstanding Money Laundering and Illicit Financial Flows / _cC Goredema |
||
| 250 | _aSecond Edition | ||
| 260 |
_aCape Town : _bJuta and Company (Pty) Ltd, _c2020 |
||
| 300 |
_bxviii, 201 pages ; _c15 cm. |
||
| 650 |
_aLegal practice _bLaw |
||
| 942 |
_cBK _6ALISON_BN_VRIES |
||
| 999 |
_c1303 _d1303 |
||